| 000 | 01269cam a2200337 i 4500 | ||
|---|---|---|---|
| 001 | 768714001 | ||
| 003 | CO-MdFUSB | ||
| 005 | 20230303173015.0 | ||
| 007 | ta | ||
| 008 | 910701m19919999nyu b 001 0 eng | ||
| 020 | _a0881411051 | ||
| 020 | _a088141106X | ||
| 040 |
_aDLC _cCO-MdFUSB _dUtOrBLW _bspa _erda |
||
| 041 | _aeng | ||
| 082 |
_223 _a221.61 _bT178 |
||
| 100 | 1 |
_aTarazi, Paul Nadim, _d1943- _eautor |
|
| 245 | 1 | 4 |
_aThe Old Testament : _ban introduction _c/ Paul Nadim Tarazi |
| 264 | 1 |
_aCrestwood, N.Y. : _bSt. Vladimir's Seminary Press, _c[1991] |
|
| 264 | 4 | _c© 1991 | |
| 300 |
_avolumes _c22 cm |
||
| 336 |
_atexto _btxt _2rdacontent. |
||
| 337 |
_asin mediación _bn _2rdamedia. |
||
| 338 |
_avolumen _bnc _2rdacarrier. |
||
| 505 | 1 |
_tVol 1: Tradiciones históricas.
_aLa Epopeya Yahvista. -- La Tradición Deuteronomista. -- Las escrituras sacerdotales. -- Las tradiciones históricas posterior al exilio. |
|
| 505 | 1 |
_tVol. 2: Tradiciones proféticas. _aEl libro de Amós. -- El período anterior al exilio. -- El periodo del exilio. -- El periodo posterior al exilio. |
|
| 563 | _aPasta dura | ||
| 630 | 0 | 7 |
_aBiblia. _pAntiguo Testamento _xCrítica, interpretación, etc. |
| 942 | _cBK | ||
| 945 | _aJTF-925 | ||
| 999 |
_c68490 _d68490 |
||